[Event "Híbrido del Sur op U2200 2nd"]
[Site "Tornelo INT"]
[Date "2021.10.08"]
[Round "1"]
[White "Barrera Tacuri, Jaime Jhoel"]
[Black "Jimenez Salas, Maria Teresa"]
[Result "0-1"]
[WhiteElo "1597"]
[BlackElo "1824"]
[PlyCount "128"]
[EventDate "2021.10.08"]
[EventType "swiss"]
[EventRounds "6"]
[EventCountry "VEN"]
[SourceTitle "EXT 2023"]
[Source "ChessBase"]
[SourceDate "2022.10.05"]
[SourceVersion "1"]
[SourceVersionDate "2022.10.05"]
[SourceQuality "1"]

1. d4 d5 2. Nf3 Nf6 3. Bf4 c5 4. e3 Nc6 5. c3 Qb6 6. Qc1 Bf5 7. Be2 e6 8. h3 h6 9. Nbd2 Be7 10. 0-0 0-0 11. Ne5 Nxe5 12. Bxe5 Rac8 13. dxc5 Qxc5 14. Nb3 Qb6 15. Nd4 Bh7 16. a4 a6 17. a5 Qa7 18. Qd1 Nd7 19. Bh2 Rfd8 20. Bg4 Nc5 21. Kh1 Bf6 22. f4 b6 23. Be2 b5 24. Nf3 Ne4 25. Nd4 Qe7 26. Bd3 Bh4 27. Bxe4 Bxe4 28. Qg4 Bf6 29. Rfd1 b4 30. cxb4 Qxb4 31. Qe2 Qb7 32. Rac1 Bxd4 33. exd4 Rc6 34. f5 exf5 35. Rc5 Rdc8 36. Rdc1 Rxc5 37. dxc5 d4 38. Bd6 d3 39. Qd2 Qd5 40. Kh2 Rc6 41. b4 Rc8 42. Rc3 Kh7 43. Rc1 g5 44. h4 f6 45. Qc3 Kg6 46. g3 d2 47. Rd1 Qxd6 48. cxd6 Rxc3 49. Rxd2 Rc8 50. d7 Rd8 51. Rd6 Bb7 52. b5 axb5 53. a6 Be4 54. a7 b4 55. Re6 Kf7 56. Rb6 Rxd7 57. Rxb4 Rxa7 58. Rb2 Rc7 59. Rb3 Kg6 60. Rb6 Rc2+ 61. Kg1 Rg2+ 62. Kf1 Rxg3 63. h5+ Kxh5 64. Rxf6 Rg2 0-1

[Event "Híbrido del Sur op U2200 2nd"]
[Site "Tornelo INT"]
[Date "2021.10.08"]
[Round "2"]
[White "Reyes Zavaleta, Fabian Ricardo"]
[Black "Barrera Tacuri, Jaime Jhoel"]
[Result "1-0"]
[WhiteElo "1867"]
[BlackElo "1597"]
[PlyCount "65"]
[EventDate "2021.10.08"]
[EventType "swiss"]
[EventRounds "6"]
[EventCountry "VEN"]
[SourceTitle "EXT 2023"]
[Source "ChessBase"]
[SourceDate "2022.10.05"]
[SourceVersion "1"]
[SourceVersionDate "2022.10.05"]
[SourceQuality "1"]

1. d4 Nf6 2. Nf3 g6 3. c4 c5 4. d5 b5 5. cxb5 a6 6. bxa6 Bxa6 7. Nc3 d6 8. e4 Bxf1 9. Kxf1 Bg7 10. g3 0-0 11. Kg2 Nbd7 12. Qe2 Ng4 13. Ng5 Ngf6 14. f4 Ne8 15. Bd2 Qb6 16. Rhb1 Nc7 17. a4 Rfb8 18. Nf3 Qb3 19. Ra3 Qb7 20. Nd1 Na6 21. Bc3 Nb4 22. Bxg7 Kxg7 23. Ne3 Nb6 24. a5 Nd7 25. Nc4 Qb5 26. b3 Ra6 27. h4 f6 28. h5 Nb6 29. hxg6 hxg6 30. Nh4 Nxc4 31. bxc4 Qd7 32. Nxg6 Qe8 33. f5 1-0